Central Library || Chittagong University

Inclusive governance in South Asia : (Record no. 112805)

MARC details
000 -LEADER
fixed length control field 00527nam a22001697a 4500
003 - CONTROL NUMBER IDENTIFIER
control field BD-ChCU
005 - DATE AND TIME OF LATEST TRANSACTION
control field 20260510095128.0
008 - FIXED-LENGTH DATA ELEMENTS--GENERAL INFORMATION
fixed length control field 260510b bg ||||| |||| 00| 0 ben d
020 ## - INTERNATIONAL STANDARD BOOK NUMBER
International Standard Book Number 9783319609034
040 ## - CATALOGING SOURCE
Transcribing agency BD-ChCU
082 ## - DEWEY DECIMAL CLASSIFICATION NUMBER
Classification number 320.60954 I36
245 ## - TITLE STATEMENT
Title Inclusive governance in South Asia :
Remainder of title Parliament, judiciary and civil service/
Statement of responsibility, etc. edited by Nizam Ahmed
260 ## - PUBLICATION, DISTRIBUTION, ETC.
Place of publication, distribution, etc. Palgrave Macmillan,
Name of publisher, distributor, etc. Cham, Switzerland :
Date of publication, distribution, etc. 2018
300 ## - PHYSICAL DESCRIPTION
Extent 287p.
650 #0 - SUBJECT ADDED ENTRY--TOPICAL TERM
Topical term or geographic name entry element Political activity South Asia
9 (RLIN) 22644
942 ## - ADDED ENTRY ELEMENTS (KOHA)
Source of classification or shelving scheme Dewey Decimal Classification
Koha item type Books
Suppress in OPAC No
Holdings
Withdrawn status Lost status Source of classification or shelving scheme Damaged status Not for loan Home library Current library Shelving location Date acquired Total Checkouts Full call number Barcode Date last seen Price effective from Koha item type
    Dewey Decimal Classification     Chittagong University Library Chittagong University Library Business and Social Science Reading Room 05/10/2026   320.60954 I36 345663 05/10/2026 05/10/2026 Books
© Copyright 2026. Chittagong University Library, Installation and Maintenance by Prof. Dr. Md. Alamgir, 01711306253